Score 0/25 Timer 07:00
1 Play Today
Opening Words Book Title % Correct
Alice was beginning to get very tired of sitting by her sister on the bankAlice's Adventures In Wonderland
96.1%
Scarlett O'Hara was not beautiful, but men seldom realized itGone with the Wind
85.3%
Call me Ishmael. Some years ago-never mind how long preciselyMoby-Dick
84.4%
When he was nearly thirteen, my brother Jem got his arm badly brokenTo Kill a Mockingbird
66.9%
Somewhere in la Mancha, in a place whose name I do not care to rememberDon Quixote
63.7%
It was a pleasure to burnFahrenheit 451
57%
The great fish moved silently through the night waterJaws
55.9%
It was love at first sight. The first time Yossarian saw the chaplainCatch-22
53.5%
I, Tiberius Claudius Drusus Nero GermanicusI Claudius
48.5%
The villagers of Little Hangleton still called it 'the Riddle House'Harry Potter and the Goblet of Fire
44.9%
It was a bright cold day in April and the clocks were striking thirteenNineteen Eighty-Four
44.3%
The Salinas Valley is in Northern CaliforniaEast of Eden
36.5%
The geisha called 'Trembling Leaf' on her knees besides James BondYou Only Live Twice
34.4%
Opening Words Book Title % Correct
The boy with fair hair lowered himself down the last few feet of rockLord of the Flies
31.7%
1801. - I have just returned from a visit to my landlordWuthering Heights
25.7%
Stately, plump Buck Mulligan came from the stairheadUlysses
24.6%
In the light of the moon a little egg lay on a leaf. One Sunday morning the warm sunVery Hungry Caterpillar (The)
24.4%
All this happened, more or less. The war parts, anyway, are pretty much trueSlaughterhouse-Five
24.2%
I will not drink more than fourteen alcohol units a weekBridget Jones's Diary
16.5%
Sir Walter Elliot, of Kellynch Hall, in SommersetshirePersuasion
13.2%
I can see by my watch, without taking my hand from the left grip of the cycleZen And The Art Of Motorcycle Maintenance
12.7%
Many years later, as he faced the firing squadOne Hundred Years of Solitude
11.5%
Boys are playing basketball around a telephone poleRabbit, Run
5.3%
After dinner I sat and waited for Pyle in my roomQuiet American (The)
4.7%
I will begin the story of my adventures with a certain morningKidnapped
3.9%
Come Together.
Have Fun.
All Virtual.
We all need to come together. Play Sporcle's virtual live trivia to have fun, connect with people, and get your trivia on. Join a live hosted trivia game for your favorite pub trivia experience done virtually. If a virtual private party is more your thing, go here for details.

You're not logged in!

Compare scores with friends on all Sporcle quizzes.
OR
Log In

Sporcle TV

Today on Sporcle TV


Watch our educational content, quiz creation guides, and fun videos on Sporcle TV.

Show Comments

Extras

Top Quizzes Today


Score Distribution

Paid Content

Your Account Isn't Verified!

In order to create a playlist on Sporcle, you need to verify the email address you used during registration. Go to your Sporcle Settings to finish the process.

Report this User

Report this user for behavior that violates our Community Guidelines.

Details: